000 01072nam a2200217Ia 4500
003 Ost
005 20260507075641.0
008 260507s9999||||xx |||||||||||||| ||und||
040 _cfsecg
041 _aara
082 _a310
100 _aالشرنوبي، سعد الدين أبو الفتوح
_eمؤلف
245 0 _aالمفاهيم والمعالجات الأساسية في الإحصاء /
_c سعد الدين أبو الفتوح الشرنوبي
260 _aالإسكندرية:
_bمكتبة ومطبعة الإشعاع الفنية,
_c2001
300 _a250 صفحة؛
_bإيضاحات ؛
_c24 سم
504 _aالمراجع ص. 245
520 _aعلم الإحصاء، طرق عرض البيانات، مقاييس النزعة المركزية ، مقاييس التشتت، مقاييس الإرتباط والإنحدار ، دلالة الفروق بين المجموعات ، تحليل التباين، الجداول الإحصائية
653 _aالإحصاء
653 _aالجداول الاحصائية
942 _cكتاب
999 _c45406
_d45406